书目信息 |
| 题名: |
假冒伪劣商品的识别
|
|
| 作者: | 赵登举 主编 | |
| 分册: | ||
| 出版信息: | 北京 中国人民公安大学出版社 1993 |
|
| 页数: | 32,603页 | |
| 开本: | 20cm | |
| 丛书名: | ||
| 单 册: | ||
| 中图分类: | F760.6 | |
| 科图分类: | ||
| 主题词: | 商品检验 , 商品--质量--鉴别 | |
| 电子资源: | ||
| ISBN: | 7-81011-510-3 | |
| 000 | 00854nam0 2200253 450 | |
| 001 | 0100437537 | |
| 005 | 20100726160104.0 | |
| 010 | @a7-81011-510-3@dCNY14.90 | |
| 011 | @a7-81011-510-3 | |
| 100 | @a20021005d1993 em y0chiy0110 ea | |
| 101 | 0 | @achi |
| 102 | @aCN@b110000 | |
| 105 | @ay z 000yy | |
| 106 | @ar | |
| 200 | 1 | @a假冒伪劣商品的识别@9Jia Mao;Mo Wei Lie Shang Pin De;Di Shi;Zhi Bie @e消费者经营者生产者的自我保护@f赵登举主编@b专著 |
| 210 | @a北京@c中国人民公安大学出版社@d1993 | |
| 215 | @a32,603页@d20cm | |
| 330 | @a介绍了日常生活用品的真假优劣的识别方法,包括:家用电器、烟酒、食品饮料、中西医药、服装首饰、皮革制品、日用百货等。 | |
| 606 | 0 | @a商品检验 |
| 606 | 0 | @a商品@x质量@x鉴别 |
| 690 | @aF760.6@v3 | |
| 701 | 0 | @a赵登举@9zhao deng ju@4主编 |
| 801 | 0 | @aCN@bAiZhiMarc@c19931118 |
| 905 | @aBZT@dF760.6@e215@f2@sF760.6/215 | |
| 假冒伪劣商品的识别:消费者经营者生产者的自我保护/赵登举主编.-北京:中国人民公安大学出版社,1993 |
| 32,603页;20cm |
| ISBN 7-81011-510-3:CNY14.90 |
| 介绍了日常生活用品的真假优劣的识别方法,包括:家用电器、烟酒、食品饮料、中西医药、服装首饰、皮革制品、日用百货等。 |
| ● |
| 相关链接 |
|
|
|
正题名:假冒伪劣商品的识别
索取号:F760.6/215
 
预约/预借
| 序号 | 登录号 | 条形码 | 馆藏地/架位号 | 状态 | 备注 |
| 1 | 2000098667 | 2000098667 | 旧书回溯/ [索取号:F760.6/215] | 在馆 | |
| 2 | 2000098668 | 2000098668 | 旧书回溯/ [索取号:F760.6/215] | 在馆 |